Statistics for Top 10 Most Expensive Cities to Live in the USA

Click here to take the quiz!

General Stats

  • This quiz has been taken 237 times
  • The average score is 8 of 10

Answer Stats

*Cost of livingStateRankExpensive City% Correct
$99,667NY2New York
99%
$87,260CA8Los Angeles
98%
$90,811DC5Washington D.C
95%
$123,268​CA1San Francisco
94%
$89,248WA6Seattle
90%
$85,367HI10Honolulu
88%
$88,967MA7Boston
86%
$99,431CA3San Jose
73%
$95,611CA4Oakland
58%
$86,721CA9Anaheim
29%

Score Distribution

Percentile by Number Answered

Percent of People with Each Score

Your Score History

You have not taken this quiz